{"text_format":"3","workbook":"xlsx","n_sheets":1,"sheets":["Sheet1"],"read":"whole","date_system":"1900"}

{"sheet":"Sheet1","index":0,"n_rows":17,"n_cols":8,"rows_kept":17,"merged":[[0,0,0,7],[14,0,14,5],[14,6,14,7],[16,0,16,11]]}
["动物工程系2024-2025-2第一批次耗材采购清单-实验仪器"]
["序号","耗材名称","耗材规格","单位","数量","参考单价","单项控制价","分类"]
[1,"电子分析天平","量程200g,精度0.0001","个",1,1000,1000,"实验仪器"]
[2,"坩埚","30ml","个",50,5,250,"实验仪器"]
[3,"密度计",null,null,10,50,500,"实验仪器"]
[4,"微量移液器","赛默飞（0.1-2.5uL）","支",2,400,800,"实验仪器"]
[5,"微量移液器","赛默飞（0.5-10uL）","支",2,400,800,"实验仪器"]
[6,"微量移液器","赛默飞（2-20uL）","支",2,200,400,"实验仪器"]
[7,"微量移液器","大龙（ 0.005～0.05 mL）","支",4,200,800,"实验仪器"]
[8,"微量移液器","大龙（ 1～10 mL）","支",2,200,400,"实验仪器"]
[9,"微型振荡器",null,"台",1,600,600,"实验仪器"]
[10,"掌上离心机","2合一转头，转速：10000转，群安仪器","个",1,1100,1100,"实验仪器"]
[11,"小型涡旋仪","点动式可调速，力辰","个",1,350,350,"实验仪器"]
[12,"精子计数板","红宝石，带网格","套",2,1300,2600,"实验仪器"]
["总控制价（元）：",{"$nulls":5},{"$f":"SUM(G3:G14)","v":9600}]
[]
["注：1.此表单价为参考价格，报价不得超过控制价；2.可将此表修改为报价单，但其中序号、耗材品名、型号规格、单位、数量不得修改。"]